Bedřich Václavek a vývoj marxistické estetiky /

Hlavní autor: Chvatík, Květoslav, 1930-2012
Jazyk: Čeština
Vydáno: Praha : Československá akademie věd, 1962
Vydání: 1. vyd.
Témata:
Externí odkaz: Digitalizovaný dokument
Fyzický popis: 391 s., příl.
Language note: Francouzské a ruské resumé
Knihy
Uloženo v:
LEADER 01134nam a22002892a 4500
001 000139490
003 CZ BrMZK
005 20140311112623.0
007 ta
008 010907s1962 xr f cze d
015 |a cnb000614368 
035 |a (OCoLC)85469932 
040 |a BOA001  |b cze  |c BOA002 
041 0 |a cze  |b rus  |b fre 
100 1 |a Chvatík, Květoslav,  |d 1930-2012  |7 jk01050435  |4 aut 
245 1 0 |a Bedřich Václavek a vývoj marxistické estetiky /  |c Květoslav Chvatík 
250 |a 1. vyd. 
260 |a Praha :  |b Československá akademie věd,  |c 1962 
300 |a 391 s., příl. 
546 |a Francouzské a ruské resumé 
856 4 1 |u http://www.digitalniknihovna.cz/mzk/uuid/uuid:382ad800-6c33-11e2-8ed6-005056827e52  |y Digitalizovaný dokument  |x NDK 
910 |a BOA001  |b PK-0030.614  |b 2-0478.721 
920 |a 000359302 
964 |a Václavek, Bedřich - 1897-1943 - estetika marxistická - studie 
990 |a BK 
996 6 |b 2619811859  |c 2-0478.721  |l MZK  |r Sklad / do 24 hodin  |n 8  |w 000139490  |u 000020  |a 1  |e BOA001  |j MZK50  |s P 
996 7 |b 3119953528  |c PK-0030.614  |l MZK  |r Sklad / do 1 hodiny  |n 6  |w 000139490  |u 000010  |a 1  |e BOA001  |j MZK50  |s A